Guess the Lyrics #64 - Statistics

General Stats
  • This quiz has been taken 2,207 times
    1,658 since last reset
  • The average score is 123 of 296
Answer Stats
Lyrics % Correct
"I
98%
a
97%
you
94%
You
94%
(You
94%
the
92%
me
81%
love,
80%
And
79%
and
79%
to
79%
To
79%
we
79%
We
79%
your
75%
On
74%
on
74%
In
72%
in
72%
my
70%
is
66%
for
60%
of
58%
will
58%
That
54%
I'm
51%
am
48%
All
47%
all
47%
by
46%
see
46%
day,
44%
day
44%
one
44%
can't
42%
heart,
42%
it's
41%
It's
41%
our
41%
Our
41%
life
40%
life,
40%
man
40%
live
39%
live,
39%
way"
39%
as
38%
As
38%
say
38%
has
37%
his
37%
With
36%
Every
35%
never
35%
come
34%
Come
34%
now
33%
now,
33%
Oh-
33%
oh-
33%
oh
33%
from
32%
dream
30%
Take
30%
world
28%
yes,
26%
together
25%
been
24%
Give
23%
forever,
22%
forever
22%
true
22%
dreams
20%
free,
20%
place
19%
mind
18%
find
17%
find)
17%
right
17%
stay
17%
away
16%
ah-
15%
light
15%
there's
15%
sky,
13%
sky
13%
thought
13%
new
12%
lives
11%
Loving
11%
fly
10%
soul
10%
through
10%
Until
10%
Other
9%
(Other
9%
other
9%
play
9%
doing
8%
smile
8%
land
7%
Many
7%
ride
7%
wind
7%
Bring
6%
lips
6%
space
6%
fantasy
5%
Fantasy
5%
kind
5%
kind)
5%
called
4%
ship,
4%
store
4%
ring
3%
search
3%
twelfth
3%
Bringing
2%
brought
2%
erase
2%
everlasting
2%
fantasies
2%
Fantasy - Earth, Wind & Fire
2%
kingdom
2%
Rushing
2%
shining
2%
stream
2%
victory
2%
voices
2%
behold,
1%
degree
1%
ecstasy
1%
glide
1%
Glowing
1%
liberty
1%
Recognize
1%
(Recognize),
1%
Recognize,
1%
review
1%
stride
1%
No matching quizzes found
Score Distribution
Percent of People with Each Score
Percentile by Number Answered
Your Score History
You have not taken this quiz since the last reset